000 02117nam a2200385 4500
003 EC-UNACH
005 20250514093108.0
006 s||||gr|||| 00| 00
008 150116t9999 mx r gr 000 0 spa d
020 _a10121498
040 _aEC-UNACH
_cEC-UNACH
041 _aspa
082 0 4 _223
_a300
_bL017743
110 _aCentro Andino de Acción Popular (CAAP)
245 _aEcuador Debate N°94.Trabajo y Empleo: Nuevos Análisis
250 _aPrimera edición
264 _aQuito – Ecuador
_bCAAP
_c2015
300 _a180 páginas
_bTablas, Gráficos
_c14,5 X 21 cm
505 _aEl proceso de reforma laboral en el régimen de Alianza País: anotaciones desde la política y el poder Conflictividad socio-política: Noviembre 2014 Febrero 2015. -- Reconfiguración de la relación estado-sindicalismo petrolero público en el Ecuador de la Revolución Ciudadana. -- Protección social o el reino de las mujeres pobres: Continuidades, cambios y rupturas en el Ecuador de los 2000. -- Los modos de ser de la informalidad: ¿hacia una nueva era de la precarización estructural del trabajo?. -- Situación de las trabajadoras remuneradas del hogar y su organización. -- La precarización salarial y el capitalismo en Brasil. Un balance de la década del neodesarrollismo. -- Condiciones de trabajo en las empresas chinas. -- Fuerza de trabajo femenina en la agricultura de exportación de brócoli en Cotopaxi. -- Para el Debate. Algo sobre la soberanía energética. -- El campo intelectual en Bolivia: el Grupo Comuna.
650 _aLA POLÍTICA Y EL PODER
650 _aPRECARIZACIÓN DEL TRABAJO
650 _aEMPRESAS CHINAS
650 _aTRABAJO FEMENINA EN LA AGRICULTURA
650 _aEXPORTACIÓN DE BRÓCOLI EN COTOPAXI
700 _aMarega, Magali
700 _aVáconez Rodríguez, Alison
700 _aAntunnes, Ricardo
700 _aMoya Herrera, Miriam
700 _aHarari, Raúl
942 _2ddc
_c1
999 _c13521